|
|
|
|
| LEADER |
02236nam a2200373 i 4500 |
| 001 |
nkc20223424089 |
| 003 |
CZ PrNK |
| 005 |
20220803084440.0 |
| 007 |
ta |
| 008 |
220527s2022 xr g 000 f cze |
| 015 |
|
|
|a cnb003424089
|
| 020 |
|
|
|a 978-80-257-3800-9
|q (vázáno)
|
| 035 |
|
|
|a (OCoLC)1344358796
|
| 040 |
|
|
|a ABG001
|b cze
|e rda
|
| 072 |
|
7 |
|a 821.162.3-3
|x Česká próza
|2 Konspekt
|9 25
|
| 080 |
|
|
|a 821.162.3-31
|2 MRF
|
| 080 |
|
|
|a (0:82-31)
|2 MRF
|
| 100 |
1 |
|
|a Teršová, Klára,
|d 1989-
|7 xx0273346
|4 aut
|
| 245 |
1 |
0 |
|a Bílý pramen /
|c Klára Teršová
|
| 250 |
|
|
|a Vydání první
|
| 264 |
|
1 |
|a Praha :
|b Argo,
|c 2022
|
| 300 |
|
|
|a 175 stran ;
|c 21 cm
|
| 336 |
|
|
|a text
|b txt
|2 rdacontent
|
| 337 |
|
|
|a bez média
|b n
|2 rdamedia
|
| 338 |
|
|
|a svazek
|b nc
|2 rdacarrier
|
| 520 |
2 |
|
|a Příběh vesnického románu z okolí sudetské Aše se odehrává v první polovině 20. století a vykresluje na pozadí vzpomínek hlavní hrdinky Hedviky každodenní život sudetských Němců a jejich vztah k zemi a půdě.
|b Aš. Město na samém západě republiky, kdysi blyštivý drahokam Sudet, kde kvetl textilní průmysl a obchod. Bývalo plné krámků, restaurací a kaváren. Příběh doby, kdy se vše začalo tříštit, začíná v roce 1915 a končí odsunem. Politické pozadí však v této knize nehraje hlavní roli. Hlavní hrdinkou je Hedvika. Dívka, která se odmalička potýká s jistým pocitem nedostatečnosti, s puzením, jež ji některé věci nutí dělat, v jiném jí naopak zabraňuje. Vehementně se snaží od Wernersreuthu, dnešního Vernéřova, odpoutat, ačkoli je s ním z různých důvodů trvale svázána. Prožívání Hedviky je odtržené i přitahované, lhostejné i zaujaté, vzpurné i pokorné. Hedvika se potýká s pocity odcizení i lásky, takové, jakou ji známe z milostných románů, ale podávané bez příkras. Nakladatelská anotace. Kráceno.
|
| 655 |
|
7 |
|a české romány
|7 fd133974
|2 czenas
|
| 655 |
|
9 |
|a Czech fiction
|2 eczenas
|
| 910 |
2 |
|
|a BOA001
|b 2-1490.333
|
| 920 |
|
|
|a 4652520
|z ABG001
|
| 990 |
|
|
|a BK
|
| 995 |
|
|
|a 01
|
| 991 |
|
|
|b 202207
|c NOV
|
| 996 |
6 |
|
|b 2610908540
|c 2-1490.333
|l MZK
|r Sklad / do 1 hodiny
|n 2
|p p.v.
|w 001893210
|u 000010
|a 1
|e BOA001
|j MZK50
|s P
|